| 000 | 00688pam a2200241 i 4500 | ||
|---|---|---|---|
| 999 |
_c23193 _d23193 |
||
| 001 | 2739372 | ||
| 003 | OSt | ||
| 005 | 20200323100303.0 | ||
| 008 | 790111s1979 ilu b 001 0 eng | ||
| 020 | _a9780226702810 | ||
| 040 | _coclc | ||
| 082 | 0 | 0 |
_a297 _bRAH/I |
| 100 |
_aRahman, Fazlur _d1919-1988. _92147 |
||
| 245 | 1 | 0 |
_aIslam / _cFazlur Rahman |
| 250 | _a2nd ed. | ||
| 260 |
_aChicago : _bUniversity of Chicago Press, _c1979. |
||
| 300 |
_a285 p. ; _c24 cm. |
||
| 500 | _aIncludes index. | ||
| 504 | _aBibliography: p. 275-279. | ||
| 650 | 0 | _aIslam. | |
| 906 |
_a7 _bcbc _corignew _d1 _eopcn _f19 _gy-gencatlg |
||
| 942 |
_2ddc _cBK _h297 _iRAH/I _k297 _mRAH/I |
||